[Event "XXX Memorial Edoardo Crespi A"]
[Site "Milano ITA"]
[Date "2009.12.06"]
[Round "3"]
[White "Cani, Gazmir"]
[Black "Almonti, Alessandro"]
[Result "1-0"]
[WhiteElo "1973"]
[BlackElo "2066"]
[PlyCount "137"]
[EventDate "2009.12.05"]

1. Nf3 Nf6 2. d4 e6 3. c4 Bb4+ 4. Bd2 Qe7 5. g3 Ne4 6. Bg2 O-O 7. O-O Bxd2 8.
Nbxd2 Nxd2 9. Qxd2 d6 10. e4 e5 11. Rfe1 Bg4 12. Nh4 g6 13. h3 Bc8 14. Nf3 Kg7
15. Qc3 f6 16. b4 a5 17. b5 b6 18. Rac1 Nd7 19. Re2 Bb7 20. Ne1 exd4 21. Qxd4
Ne5 22. Nd3 Nxd3 23. Qxd3 Qe5 24. Kh2 Rae8 25. Rce1 Ba8 26. h4 Qc5 27. f4 Rf7
28. Qc3 Kg8 29. g4 Qb4 30. Qd4 Qc5 31. Qxc5 bxc5 32. e5 Bxg2 33. Kxg2 fxe5 34.
fxe5 Rf4 35. exd6 Rxe2+ 36. Rxe2 cxd6 37. Rb2 Rf7 38. Rf2 Re7 39. g5 Re4 40.
Rb2 Re7 41. Kf3 Kf7 42. Re2 Rd7 43. Ke4 Ke6 44. Rf2 Re7 45. Kd3 Kd7 46. Rf1 Kc7
47. Rf3 a4 48. Kc3 Kb6 49. Rf6 Ka5 50. Rxd6 Re3+ 51. Kc2 Kb4 52. b6 Kxc4 53. b7
Re2+ 54. Rd2 Re8 55. Rd7 Re2+ 56. Kc1 Re1+ 57. Kd2 Rb1 58. Kc2 Rb6 59. a3 Rb3
60. h5 Rc3+ 61. Kd2 Rb3 62. Rxh7 gxh5 63. g6 Rb2+ 64. Kc1 Kc3 65. g7 Rg2 66.
Kd1 Kd3 67. Ke1 Ke3 68. Kf1 Rb2 69. g8=Q 1-0

[Event "XXX Memorial Edoardo Crespi A"]
[Site "Milano ITA"]
[Date "2009.12.06"]
[Round "3"]
[White "Cazzaniga, Walter"]
[Black "Magrini, Fabrizio"]
[Result "1/2-1/2"]
[WhiteElo "2139"]
[BlackElo "2146"]
[PlyCount "111"]
[EventDate "2009.12.05"]

1. d4 Nf6 2. c4 g6 3. Nc3 d5 4. Nf3 Bg7 5. Qb3 dxc4 6. Qxc4 O-O 7. e4 a6 8. e5
b5 9. Qb3 Nfd7 10. e6 fxe6 11. Be3 Nf6 12. a4 b4 13. Qxb4 Nd5 14. Nxd5 exd5 15.
Rc1 Qd6 16. Qd2 Nd7 17. Be2 Rb8 18. O-O Bb7 19. Rc2 c5 20. dxc5 Qc6 21. Rd1 e5
22. Bh6 d4 23. Bxg7 Kxg7 24. b4 Qxa4 25. Ng5 Rf6 26. b5 axb5 27. Rb1 b4 28.
Rxb4 Qa1+ 29. Rc1 Qa8 30. f3 h6 31. Nh3 Qa5 32. Qb2 Qc7 33. Nf2 Bd5 34. Rxb8
Nxb8 35. Bc4 Bxc4 36. Rxc4 Nd7 37. Ne4 Rc6 38. Qc2 Nf8 39. Nd6 Qa5 40. Kf2 Ne6
41. Ne4 Nf4 42. g3 Nd5 43. Qb3 Nf6 44. Nd6 Qd2+ 45. Kf1 Rc7 46. Rc2 Qd1+ 47.
Kg2 Nd5 48. Qxd5 Qxc2+ 49. Kh3 Qxc5 50. Ne8+ Kf8 51. Nxc7 Qxc7 52. f4 Ke7 53.
fxe5 Qd7+ 54. Qxd7+ Kxd7 55. Kg4 Ke6 56. Kf4 1/2-1/2

[Event "XXX Memorial Edoardo Crespi A"]
[Site "Milano ITA"]
[Date "2009.12.06"]
[Round "3"]
[White "Codenotti, Marco"]
[Black "Salvador, Roland"]
[Result "1-0"]
[WhiteElo "2118"]
[BlackElo "2491"]
[PlyCount "61"]
[EventDate "2009.12.05"]

1. e4 c5 2. Nf3 Nc6 3. d4 cxd4 4. Nxd4 e5 5. Nb5 d6 6. N1c3 a6 7. Na3 Be6 8.
Nc4 Be7 9. Ne3 Nf6 10. g3 h5 11. Bg2 h4 12. Ned5 Bxd5 13. Nxd5 Nxd5 14. exd5
Nd4 15. c3 Nf5 16. Qg4 g6 17. a4 Rc8 18. Qb4 Qd7 19. a5 Kf8 20. Qa4 Qc7 21. g4
h3 22. Be4 Rh4 23. gxf5 gxf5 24. Bxf5 Rxa4 25. Bh6+ Ke8 26. Rxa4 Bf8 27. Be3
Qd8 28. Rg1 Rc5 29. Rg8 Qf6 30. Bg4 Rxd5 31. Bg5 1-0

[Event "XXX Memorial Edoardo Crespi A"]
[Site "Milano ITA"]
[Date "2009.12.06"]
[Round "3"]
[White "Crippa, Gabriele"]
[Black "Piscopo, Pierluigi"]
[Result "0-1"]
[WhiteElo "2092"]
[BlackElo "2429"]
[PlyCount "81"]
[EventDate "2009.12.05"]

1. d4 Nf6 2. Nf3 g6 3. c4 Bg7 4. Nc3 O-O 5. Bg5 c5 6. e3 cxd4 7. Nxd4 Qa5 8.
Bxf6 Bxf6 9. Be2 Nc6 10. O-O Bg7 11. Qd2 d6 12. Rab1 Bd7 13. b4 Qd8 14. Nxc6
Bxc6 15. b5 Bd7 16. Rfd1 Rc8 17. a4 Be6 18. Nd5 Rc5 19. Qb4 b6 20. Bf3 Qd7 21.
Rbc1 Rfc8 22. Qb3 Bxd5 23. Bxd5 e6 24. Bc6 R8xc6 25. bxc6 Qxc6 26. Rc2 h5 27.
h3 Ra5 28. Ra2 Bf8 29. Rb1 Rg5 30. f4 Ra5 31. Qc2 Rc5 32. a5 Rxc4 33. Qb2 bxa5
34. Qb5 Qe4 35. Re2 d5 36. Ra1 a4 37. Qb8 d4 38. Qxa7 d3 39. Raa2 Ba3 40. Qb8+
Kg7 41. Qd8 0-1

[Event "XXX Memorial Edoardo Crespi A"]
[Site "Milano ITA"]
[Date "2009.12.06"]
[Round "3"]
[White "Facchetti, Gianni"]
[Black "Bonade', Massimo"]
[Result "1-0"]
[WhiteElo "2162"]
[BlackElo "2103"]
[PlyCount "133"]
[EventDate "2009.12.05"]

1. e4 c5 2. Nf3 d6 3. d4 cxd4 4. Qxd4 Nc6 5. Bb5 Bd7 6. Bxc6 Bxc6 7. c4 Nf6 8.
Nc3 g6 9. O-O Bg7 10. Qd3 O-O 11. Nd4 a6 12. Be3 Ng4 13. Nxc6 bxc6 14. Bg5 Re8
15. h3 Ne5 16. Qe2 Qa5 17. Bd2 Qc5 18. b3 Nd7 19. Rad1 Bd4 20. Na4 Qa7 21. Bh6
Bh8 22. Be3 Qb7 23. f4 c5 24. Qc2 Nf8 25. Qd3 Ne6 26. f5 Nd4 27. Nc3 Bg7 28.
Nd5 a5 29. f6 exf6 30. Rxf6 Re6 31. Bxd4 cxd4 32. Rxe6 fxe6 33. Nf4 Qd7 34. Qf3
Re8 35. Qg4 Be5 36. Nd3 Bg7 37. Rf1 Qe7 38. h4 Bh6 39. g3 Be3+ 40. Kg2 Rf8 41.
Rxf8+ Kxf8 42. e5 Kg7 43. Qe4 d5 44. cxd5 exd5 45. Qxd5 Qa3 46. Qd7+ Kh6 47.
Qa4 Qe7 48. Qc6 Qa3 49. Qc2 Qe7 50. Qe2 Kg7 51. Kh2 h5 52. Qg2 Kh6 53. Qa8 Kh7
54. Qxa5 g5 55. hxg5 Qxg5 56. Qc7+ Kg8 57. Qc8+ Kh7 58. Qd7+ Kg8 59. Qd5+ Kg7
60. Qe4 Kf7 61. Qh7+ Ke6 62. Qe4 Kf7 63. a4 h4 64. Qxh4 Qg8 65. Qf6+ Ke8 66.
Qc6+ Ke7 67. Qd6+ 1-0

[Event "XXX Memorial Edoardo Crespi A"]
[Site "Milano ITA"]
[Date "2009.12.06"]
[Round "3"]
[White "Farago, Ivan"]
[Black "Sbarra, Marco"]
[Result "1-0"]
[WhiteElo "2497"]
[BlackElo "2256"]
[PlyCount "51"]
[EventDate "2009.12.05"]

1. d4 Nf6 2. c4 e6 3. Nf3 d5 4. Nc3 Bb4 5. Bg5 Nbd7 6. cxd5 exd5 7. Qc2 c5 8.
dxc5 Qa5 9. Bd2 Qxc5 10. a3 Bxc3 11. Qxc3 O-O 12. Qd4 Ne4 13. Bb4 Qxd4 14. Nxd4
Rd8 15. e3 Nf8 16. Rd1 Ne6 17. Nf5 a5 18. Be7 Rd7 19. Bh4 Nc7 20. Bd3 Nc5 21.
Bb1 g6 22. Nh6+ Kg7 23. Ng4 Ra6 24. Ne5 Rdd6 25. Be7 Re6 26. Bxc5 1-0

[Event "XXX Memorial Edoardo Crespi A"]
[Site "Milano ITA"]
[Date "2009.12.06"]
[Round "3"]
[White "Foisor, Cristina-Adela"]
[Black "David, Alberto"]
[Result "1/2-1/2"]
[WhiteElo "2440"]
[BlackElo "2593"]
[PlyCount "38"]
[EventDate "2009.12.05"]

1. Nf3 Nf6 2. g3 d5 3. Bg2 e6 4. O-O c5 5. c4 Be7 6. cxd5 exd5 7. d4 O-O 8. Nc3
Nc6 9. dxc5 Bxc5 10. Bg5 d4 11. Ne4 Be7 12. Bxf6 Bxf6 13. Qd2 Bf5 14. Nxf6+
Qxf6 15. Qf4 Rfe8 16. Nh4 Be4 17. Qxf6 gxf6 18. e3 Rad8 19. Rad1 dxe3 1/2-1/2

[Event "XXX Memorial Edoardo Crespi A"]
[Site "Milano ITA"]
[Date "2009.12.06"]
[Round "3"]
[White "Foisor, Ovidiu-Doru"]
[Black "Abasov, Nijat Azad Oglu"]
[Result "1/2-1/2"]
[WhiteElo "2420"]
[BlackElo "2510"]
[PlyCount "75"]
[EventDate "2009.12.05"]

1. c4 Nf6 2. Nc3 e6 3. d4 Bb4 4. Qc2 O-O 5. Nf3 c5 6. dxc5 Na6 7. g3 Nxc5 8.
Bg2 Nce4 9. Bd2 Nxd2 10. Nxd2 d5 11. O-O d4 12. Nce4 Nxe4 13. Nxe4 e5 14. c5
Rb8 15. Rad1 Qe7 16. a3 Ba5 17. f4 exf4 18. gxf4 Bg4 19. Rxd4 Bc7 20. Ng5 g6
21. Qc3 Bf5 22. e4 Bg4 23. e5 Bf5 24. Ne4 Bxe4 25. Rxe4 Rbd8 26. b4 Qd7 27. e6
fxe6 28. Bh3 Qg7 29. Bxe6+ Kh8 30. Qe3 Qb2 31. Bh3 Qc2 32. Re7 Bb8 33. Bd7 Qb2
34. Qh3 Qd4+ 35. Kh1 Qd5+ 36. Kg1 Qd4+ 37. Kh1 Qd5+ 38. Kg1 1/2-1/2

[Event "XXX Memorial Edoardo Crespi A"]
[Site "Milano ITA"]
[Date "2009.12.06"]
[Round "3"]
[White "Gagliardi, Christian"]
[Black "Bertazzo, Giorgio"]
[Result "1/2-1/2"]
[WhiteElo "2244"]
[BlackElo "2087"]
[PlyCount "47"]
[EventDate "2009.12.05"]

1. e4 e5 2. Nf3 Nf6 3. d3 Nc6 4. g3 d5 5. Nbd2 Bc5 6. Bg2 O-O 7. O-O dxe4 8.
dxe4 Be6 9. h3 h6 10. Qe2 Qd7 11. Kh2 Rfd8 12. Nb3 Bb6 13. Re1 a5 14. Be3 Bxe3
15. Qxe3 b6 16. Qc3 a4 17. Nbd2 Ra5 18. b4 axb3 19. Nxb3 Bxb3 20. axb3 Rc5 21.
Qb2 Nd4 22. Nxd4 Qxd4 23. Qxd4 Rxd4 24. Re2 1/2-1/2

[Event "XXX Memorial Edoardo Crespi A"]
[Site "Milano ITA"]
[Date "2009.12.06"]
[Round "3"]
[White "Gori, Andrea"]
[Black "Agrifoglio, Fabio"]
[Result "1-0"]
[WhiteElo "2182"]
[BlackElo "2017"]
[PlyCount "105"]
[EventDate "2009.12.05"]

1. e4 d6 2. d4 Nf6 3. Nc3 g6 4. Be3 c6 5. f3 b5 6. a3 a6 7. Qd2 Nbd7 8. Bh6 Qc7
9. g4 Bb7 10. h4 O-O-O 11. Bf4 e5 12. Bh2 Be7 13. Nge2 Nb6 14. Nc1 Nfd7 15. Bg3
exd4 16. Qxd4 Ne5 17. Qf2 Rhe8 18. Nd3 Bf6 19. Bh3 Kb8 20. O-O c5 21. Nxe5 Bxe5
22. Bxe5 dxe5 23. Rfd1 f6 24. Rxd8+ Rxd8 25. Nd1 Qd6 26. Ne3 Qd2 27. Rd1 Qxf2+
28. Kxf2 Rxd1 29. Nxd1 Kc7 30. g5 fxg5 31. hxg5 Nc4 32. Be6 Nd6 33. Kg3 Kd8 34.
Ne3 Ke7 35. Bg8 Kf8 36. Ba2 a5 37. Ng4 Bxe4 38. fxe4 Nxe4+ 39. Kh4 c4 40. Nxe5
a4 41. Nf3 c3 42. b4 axb3 43. Bxb3 Kg7 44. Nd4 Nd2 45. Bd5 Nb1 46. Nxb5 Kf8 47.
Ba2 Nd2 48. Nxc3 Nf3+ 49. Kg4 Nd4 50. Bb3 Kg7 51. a4 Nc6 52. Bd5 Nd4 53. Be4
1-0

[Event "XXX Memorial Edoardo Crespi A"]
[Site "Milano ITA"]
[Date "2009.12.06"]
[Round "3"]
[White "Iudicello, Giovanni"]
[Black "Ricci, Marco"]
[Result "0-1"]
[WhiteElo "2179"]
[BlackElo "2081"]
[PlyCount "78"]
[EventDate "2009.12.05"]

1. e4 e6 2. Qe2 c5 3. f4 Nc6 4. Nf3 Be7 5. g3 d5 6. d3 Nf6 7. Bg2 O-O 8. O-O b6
9. e5 Ne8 10. c3 Ba6 11. a4 Rc8 12. Na3 d4 13. c4 Qd7 14. Bd2 Bb7 15. b3 Nc7
16. Rae1 Rce8 17. h4 Ba8 18. Ng5 a6 19. Be4 g6 20. Nb1 f5 21. exf6 Bxf6 22. Qg4
Qg7 23. Qf3 Ne5 24. Qe2 Bxg5 25. Bxa8 Nxa8 26. Qxe5 Qxe5 27. Rxe5 Bf6 28. Re4
e5 29. Rfe1 Bg7 30. Kg2 h5 31. fxe5 Nc7 32. Bf4 Ne6 33. Nd2 Rf5 34. Nf3 Ref8
35. Ng5 Nxf4+ 36. gxf4 Rxf4 37. R1e2 Rxe4 38. Rxe4 Re8 39. Nf3 Kf7 0-1

[Event "XXX Memorial Edoardo Crespi A"]
[Site "Milano ITA"]
[Date "2009.12.06"]
[Round "3"]
[White "Lazic, Miroljub"]
[Black "Sgnaolin, Davide"]
[Result "1-0"]
[WhiteElo "2454"]
[BlackElo "2213"]
[PlyCount "117"]
[EventDate "2009.12.05"]

1. g3 Nf6 2. Bg2 d5 3. Nf3 c6 4. O-O Bg4 5. d3 Nbd7 6. Nbd2 e5 7. e4 dxe4 8.
dxe4 Bc5 9. h3 Bh5 10. Qe1 O-O 11. Nb3 Bb6 12. a4 a5 13. Be3 Bxf3 14. Bxf3 Bxe3
15. Qxe3 Qb6 16. Qxb6 Nxb6 17. Rfd1 Rfc8 18. Nc5 Rc7 19. Rd3 Kf8 20. Rb3 Nc4
21. Rd1 b6 22. Nd3 Rac8 23. Rc3 Nd6 24. Nxe5 Ndxe4 25. Re3 Ng5 26. Bg2 Ne6 27.
Rd6 Nc5 28. Bxc6 Ne8 29. Bxe8 Rxe8 30. b3 f6 31. Rc6 Rxc6 32. Nxc6 Rxe3 33.
fxe3 Ke8 34. Kg2 Kd7 35. Nd4 g6 36. Kf3 Kd6 37. e4 Ke5 38. Ke3 h5 39. Nf3+ Ke6
40. Nd2 Kd6 41. Nc4+ Kc6 42. g4 hxg4 43. hxg4 Ne6 44. Nb2 Nc5 45. Nd3 Nd7 46.
c3 Kd6 47. Kd4 g5 48. b4 axb4 49. cxb4 Nf8 50. e5+ fxe5+ 51. Nxe5 Nh7 52. Nc4+
Kc6 53. b5+ Kc7 54. Ke5 Nf8 55. Kf5 Nd7 56. Kxg5 Nc5 57. Nb2 Kd6 58. Kf5 Nd7
59. g5 1-0

[Event "XXX Memorial Edoardo Crespi A"]
[Site "Milano ITA"]
[Date "2009.12.06"]
[Round "3"]
[White "Massironi, Marco"]
[Black "Garano, Nicola"]
[Result "1/2-1/2"]
[WhiteElo "2149"]
[BlackElo "2189"]
[PlyCount "120"]
[EventDate "2009.12.05"]

1. e4 c5 2. Nf3 Nc6 3. d4 cxd4 4. Nxd4 Nf6 5. Nc3 e5 6. Ndb5 d6 7. Nd5 Nxd5 8.
exd5 Nb8 9. Qf3 Be7 10. Qc3 Na6 11. Be3 O-O 12. Nxa7 Bg5 13. Bxa6 Bxe3 14. Qxe3
Qa5+ 15. Qd2 Qxa6 16. Nxc8 Rfxc8 17. b3 Rc5 18. a4 Rac8 19. c4 b5 20. cxb5 Rxb5
21. O-O Rxb3 22. Rfc1 Rxc1+ 23. Rxc1 g6 24. h4 Kg7 25. a5 Rb5 26. Rc6 Qxa5 27.
Qxa5 Rxa5 28. Rxd6 Kf8 29. h5 Ke7 30. Rb6 Rxd5 31. hxg6 hxg6 32. g3 Rd6 33. Rb5
Ke6 34. Kg2 f5 35. Ra5 g5 36. Kf3 Rb6 37. Rc5 Rd6 38. Ra5 Rb6 39. Rc5 g4+ 40.
Ke2 Kf6 41. Ra5 Re6 42. Kf1 f4 43. gxf4 exf4 44. Kg2 Rd6 45. Rb5 Rd4 46. Ra5
Re4 47. Rb5 Re2 48. Kf1 f3 49. Kg1 Rc2 50. Ra5 Re2 51. Rb5 Re5 52. Rb6+ Kg5 53.
Kh2 Kh4 54. Rh6+ Kg5 55. Rb6 Re1 56. Rb8 Rf1 57. Rg8+ Kf5 58. Rxg4 Rxf2+ 59.
Kg1 Kxg4 60. Kxf2 Kf4 1/2-1/2

[Event "XXX Memorial Edoardo Crespi A"]
[Site "Milano ITA"]
[Date "2009.12.06"]
[Round "3"]
[White "Nicolo', Filippo"]
[Black "Bonanno, Alessandro"]
[Result "1/2-1/2"]
[WhiteElo "2062"]
[BlackElo "2135"]
[PlyCount "62"]
[EventDate "2009.12.05"]

1. e4 c5 2. Nf3 Nc6 3. Nc3 Nf6 4. Bb5 Nd4 5. e5 Ng4 6. Nxd4 cxd4 7. Qxg4 dxc3
8. bxc3 a6 9. Ba4 Qa5 10. Qe4 Rb8 11. O-O e6 12. Bb3 b6 13. Re1 Bb7 14. Qg4 h5
15. Qf4 Rc8 16. a4 Rh6 17. f3 Rg6 18. Kh1 Qc5 19. Qe3 Qc6 20. Bb2 Be7 21. d4
Bg5 22. Qe2 Bf4 23. c4 h4 24. h3 Qc7 25. c3 Rg3 26. Rf1 Qd8 27. Bc1 Qg5 28.
Bxf4 Qxf4 29. Rae1 g5 30. Qe3 Qf5 31. Rf2 Qh7 1/2-1/2

[Event "XXX Memorial Edoardo Crespi A"]
[Site "Milano ITA"]
[Date "2009.12.06"]
[Round "3"]
[White "Pace, Pietro Dario"]
[Black "Loehnhardt, Benjamin"]
[Result "1-0"]
[WhiteElo "2204"]
[BlackElo "2076"]
[PlyCount "49"]
[EventDate "2009.12.05"]

1. e4 e6 2. d4 b6 3. Nf3 Bb7 4. Bd3 c5 5. c3 Nf6 6. Qe2 Be7 7. O-O Nc6 8. a3
Na5 9. Nbd2 c4 10. Bc2 Qc7 11. Rb1 O-O 12. Ne1 Rac8 13. f4 Rfe8 14. g4 g6 15.
e5 Nd5 16. Ne4 f5 17. Ng3 Rf8 18. gxf5 gxf5 19. Kf2 Kh8 20. Rg1 Rg8 21. Qh5 Rg4
22. Nxf5 Rxg1 23. Ng3 Kg7 24. Qxh7+ Kf8 25. Qh6+ 1-0

[Event "XXX Memorial Edoardo Crespi A"]
[Site "Milano ITA"]
[Date "2009.12.06"]
[Round "3"]
[White "Pienabarca, Nicola"]
[Black "Tramalloni, Luca"]
[Result "1/2-1/2"]
[WhiteElo "2071"]
[BlackElo "2143"]
[PlyCount "33"]
[EventDate "2009.12.05"]

1. d4 Nf6 2. Nf3 g6 3. g3 Bg7 4. Bg2 O-O 5. c4 d5 6. O-O c6 7. b3 Ne4 8. Bb2
Be6 9. Qc2 Nd7 10. Nfd2 Nxd2 11. Nxd2 Bf5 12. e4 dxe4 13. Bxe4 Bxe4 14. Nxe4
Nf6 15. Rad1 Nxe4 16. Qxe4 e6 17. Rd3 1/2-1/2

[Event "XXX Memorial Edoardo Crespi A"]
[Site "Milano ITA"]
[Date "2009.12.06"]
[Round "3"]
[White "Quaranta, Cristiano"]
[Black "Bozzali, Ermanno"]
[Result "1-0"]
[WhiteElo "2134"]
[BlackElo "2124"]
[PlyCount "119"]
[EventDate "2009.12.05"]

1. d4 g6 2. e4 Bg7 3. Nc3 c6 4. h3 d5 5. e5 f6 6. Nf3 Nh6 7. Bf4 Nf7 8. exf6
exf6 9. Qe2+ Qe7 10. Qxe7+ Kxe7 11. O-O-O Bh6 12. Re1+ Be6 13. Ne2 Re8 14. Bxh6
Nxh6 15. Nf4 Kf7 16. Nxe6 Rxe6 17. Bd3 Rxe1+ 18. Rxe1 Nd7 19. Kd2 Re8 20. Rxe8
Kxe8 21. Ke3 Nf7 22. h4 Nd6 23. h5 Kf7 24. Nh4 Nf8 25. b3 Nc8 26. c4 Ne7 27. g3
Kg7 28. hxg6 hxg6 29. Ng2 Ne6 30. Ne1 Kf7 31. Nc2 Nf5+ 32. Bxf5 gxf5 33. cxd5
cxd5 34. Nb4 Nc7 35. Nd3 Kg6 36. Nf4+ Kf7 37. Kd3 Ke7 38. Ke3 Kf7 39. Nd3 Ke7
40. Nb4 Kf7 41. Nc2 Ne6 42. Nb4 Nc7 43. Nd3 Ke7 44. Nf4 Kf7 45. a4 Ke7 46. b4
Kd6 47. Nh5 Ne8 48. Kf4 Ke6 49. f3 a6 50. a5 Ke7 51. Kxf5 Nd6+ 52. Kf4 Nb5 53.
Ke3 Nc3 54. Nf4 Kd6 55. Nd3 Kc6 56. g4 b6 57. axb6 Kxb6 58. f4 Kb5 59. g5 f5
60. Nc5 1-0

[Event "XXX Memorial Edoardo Crespi A"]
[Site "Milano ITA"]
[Date "2009.12.06"]
[Round "3"]
[White "Radice, Luca"]
[Black "Burlando, Alessandro"]
[Result "1-0"]
[WhiteElo "2088"]
[BlackElo "2178"]
[PlyCount "51"]
[EventDate "2009.12.05"]

1. d4 Nf6 2. c4 g6 3. Nc3 Bg7 4. e4 d6 5. f4 O-O 6. Nf3 c5 7. d5 e6 8. Be2 exd5
9. exd5 Re8 10. O-O a6 11. a4 Bf5 12. Bd3 Ne4 13. Nxe4 Bxe4 14. Bxe4 Rxe4 15.
Ng5 Rxc4 16. Qe2 Rb4 17. Nxf7 Bd4+ 18. Kh1 Kxf7 19. Qe6+ Kg7 20. f5 Qf6 21. Qc8
Qf7 22. f6+ Bxf6 23. Bg5 Nd7 24. Qxa8 Qxd5 25. Bxf6+ Nxf6 26. Qd8 1-0

[Event "XXX Memorial Edoardo Crespi A"]
[Site "Milano ITA"]
[Date "2009.12.06"]
[Round "3"]
[White "Ranfagni, Stefano"]
[Black "Tonel, Giulia"]
[Result "0-1"]
[WhiteElo "2014"]
[BlackElo "1967"]
[PlyCount "80"]
[EventDate "2009.12.05"]

1. e4 c5 2. Nc3 Nc6 3. g3 g6 4. Bg2 Bg7 5. d3 d6 6. Nge2 e6 7. Be3 Rb8 8. O-O
Nge7 9. Qd2 Nd4 10. Nd1 b5 11. c3 Nxe2+ 12. Qxe2 b4 13. f4 O-O 14. g4 f5 15. e5
Ba6 16. c4 Qc7 17. exd6 Qxd6 18. g5 Rfe8 19. Nf2 Nc6 20. Rad1 Bb7 21. Nh1 Nd4
22. Qf2 Bxg2 23. Qxg2 b3 24. a3 Nc2 25. Bc1 Bd4+ 26. Nf2 Be3 27. Qf3 Qd4 28.
Kh1 Bxc1 29. Rxc1 Qxb2 30. h4 Qxa3 31. h5 Qa6 32. hxg6 hxg6 33. Qh3 Qb7+ 34.
Kh2 Qh7 35. Qxh7+ Kxh7 36. Rb1 a5 37. Kg3 a4 38. Rh1+ Kg7 39. Rh6 a3 40. Rbh1
Rh8 0-1

[Event "XXX Memorial Edoardo Crespi A"]
[Site "Milano ITA"]
[Date "2009.12.06"]
[Round "3"]
[White "Rettore, Ludwig"]
[Black "Ocantos, Manuel"]
[Result "1-0"]
[WhiteElo "2197"]
[BlackElo "2161"]
[PlyCount "73"]
[EventDate "2009.12.05"]

1. e4 c5 2. Nf3 d6 3. d4 cxd4 4. Nxd4 Nf6 5. Nc3 e6 6. Bc4 Be7 7. Be3 Nc6 8.
Bb3 a6 9. Qe2 Qc7 10. f4 O-O 11. O-O-O Na5 12. g4 b5 13. g5 Nxb3+ 14. axb3 Nd7
15. f5 b4 16. Na4 Nc5 17. f6 gxf6 18. gxf6 Bxf6 19. Bh6 Bb7 20. e5 dxe5 21. Qf2
Qe7 22. Rhg1+ Kh8 23. Nxc5 Rg8 24. Nxb7 exd4 25. Nc5 e5 26. Ne4 Bh4 27. Qf5 Rg6
28. Rxg6 hxg6 29. Qh3 Kg8 30. Rg1 a5 31. Bg5 Bxg5+ 32. Nxg5 f5 33. Nf3 Qg7 34.
Nh4 Qh6+ 35. Kb1 Ra6 36. Qxf5 Qxh4 37. Qc8+ 1-0

[Event "XXX Memorial Edoardo Crespi A"]
[Site "Milano ITA"]
[Date "2009.12.06"]
[Round "3"]
[White "Robertsen, Thomas"]
[Black "Astengo, Marcello"]
[Result "1-0"]
[WhiteElo "2273"]
[BlackElo "2147"]
[PlyCount "69"]
[EventDate "2009.12.05"]

1. e4 e6 2. d4 d5 3. Nc3 Nf6 4. e5 Ng8 5. Nf3 c5 6. dxc5 Bxc5 7. Bd3 Ne7 8. O-O
Nbc6 9. a3 Ng6 10. Re1 Bd7 11. b4 Be7 12. Nb5 O-O 13. h4 Nxh4 14. Nxh4 Bxh4 15.
Nd6 f5 16. Nxb7 Qc7 17. Nc5 Nxe5 18. Bf4 Bxf2+ 19. Kxf2 Ng4+ 20. Kf3 e5 21.
Bxe5 Nxe5+ 22. Rxe5 Qxe5 23. Nxd7 Qd4 24. Nxf8 Rxf8 25. g3 g6 26. Kg2 f4 27.
Be2 Qc3 28. Bf3 d4 29. Rb1 Rc8 30. gxf4 Qxa3 31. Qxd4 Rxc2+ 32. Kg3 Rc3 33.
Qd5+ Kg7 34. Re1 Qxb4 35. Qd7+ 1-0

[Event "XXX Memorial Edoardo Crespi A"]
[Site "Milano ITA"]
[Date "2009.12.06"]
[Round "3"]
[White "Rota, Simone"]
[Black "Stromboli, Carlo"]
[Result "1/2-1/2"]
[WhiteElo "1992"]
[BlackElo "2272"]
[PlyCount "93"]
[EventDate "2009.12.05"]

1. d4 Nf6 2. c4 e6 3. Nf3 d5 4. e3 Nbd7 5. Nc3 c6 6. Qc2 Bd6 7. Be2 O-O 8. O-O
dxc4 9. Bxc4 e5 10. h3 b5 11. Bd3 Bb7 12. Ne4 Nxe4 13. Bxe4 h6 14. Rd1 Qc7 15.
dxe5 Nxe5 16. Nd4 Rfc8 17. b3 a6 18. Bb2 Bf8 19. f4 Nd7 20. Nf5 f6 21. Nd4 Re8
22. Bxc6 Rac8 23. Rac1 Bc5 24. Bxb7 Qxb7 25. Qd3 Nf8 26. b4 Bb6 27. Re1 Rcd8
28. Qb3+ Kh8 29. Nf5 Re6 30. Kh1 Rd2 31. Rg1 Qe4 32. Nd4 Rd3 33. Qc2 Rxe3 34.
Qxe4 R6xe4 35. Rgd1 Kh7 36. Rc6 Bxd4 37. Rxd4 Rxd4 38. Bxd4 Ra3 39. f5 Rd3 40.
Bc5 Nd7 41. Rxa6 Nxc5 42. bxc5 Rd5 43. c6 Rxf5 44. Rb6 Rc5 45. c7 Rxc7 46. Rxb5
Rc2 47. a4 1/2-1/2

[Event "XXX Memorial Edoardo Crespi A"]
[Site "Milano ITA"]
[Date "2009.12.06"]
[Round "3"]
[White "Skembris, Spyridon"]
[Black "Profumo, Alberto"]
[Result "1-0"]
[WhiteElo "2475"]
[BlackElo "2223"]
[PlyCount "95"]
[EventDate "2009.12.05"]

1. d4 d5 2. c4 e6 3. Nf3 Nf6 4. Nc3 Be7 5. Bg5 Nbd7 6. e3 O-O 7. Rc1 c6 8. Bd3
dxc4 9. Bxc4 b5 10. Bd3 Bb7 11. O-O h6 12. Bxf6 Nxf6 13. Ne5 Qb6 14. Ne4 Rfd8
15. Qf3 c5 16. dxc5 Qc7 17. c6 Ba6 18. Nxf6+ Bxf6 19. Nd7 Bxb2 20. Rc2 Ba3 21.
h4 Bc8 22. Rd1 a6 23. Qe4 Bxd7 24. cxd7 Qxd7 25. Qh7+ Kf8 26. Qh8+ Ke7 27. Qxg7
Rac8 28. Qxh6 Qd5 29. Rxc8 Rxc8 30. Qg5+ Qxg5 31. hxg5 Rc5 32. f4 a5 33. Kf2 b4
34. Ke2 Bc1 35. Rh1 a4 36. Rh7 Kf8 37. Rh8+ Kg7 38. Ra8 b3 39. Rxa4 b2 40. Rb4
Rc3 41. Rb3 Rc7 42. g4 Ra7 43. Bb1 Ra4 44. Kf3 e5 45. f5 Kf8 46. f6 Ke8 47.
Rb8+ Kd7 48. g6 1-0

[Event "XXX Memorial Edoardo Crespi A"]
[Site "Milano ITA"]
[Date "2009.12.06"]
[Round "3"]
[White "Stojanovic, Andjelija"]
[Black "Naumkin, Igor"]
[Result "1/2-1/2"]
[WhiteElo "2329"]
[BlackElo "2463"]
[PlyCount "109"]
[EventDate "2009.12.05"]

1. Nf3 e6 2. c4 f5 3. g3 Nf6 4. Bg2 Be7 5. O-O O-O 6. Nc3 d6 7. d4 a5 8. Bg5
Qe8 9. Bxf6 Rxf6 10. e4 fxe4 11. Nxe4 Rf8 12. Re1 h6 13. c5 d5 14. Nc3 Nc6 15.
Nb5 Bd8 16. a4 Bd7 17. Ra3 Rc8 18. Bh3 Rf6 19. Rae3 Qf7 20. Qe2 Be7 21. Rxe6
Qh5 22. Rxf6 Bxh3 23. Re6 Rf8 24. Rxe7 Nxe7 25. Nh4 Qf7 26. f4 Nc6 27. Qd3 g5
28. Qg6+ Qxg6 29. Nxg6 Rf6 30. Ne7+ Nxe7 31. Rxe7 c6 32. Nd6 gxf4 33. Kf2 Bg4
34. h3 fxg3+ 35. Kxg3 Bd1 36. Nxb7 Rf3+ 37. Kg2 Rb3 38. Nxa5 Rxb2+ 39. Kg3 Bxa4
40. Rc7 Rd2 41. Nxc6 Bxc6 42. Rxc6 Rxd4 43. Rxh6 Rc4 44. Rc6 Kf7 45. h4 d4 46.
Kf3 d3 47. h5 d2 48. Ke2 Rd4 49. Kd1 Rd5 50. h6 Kg8 51. Rc8+ Kh7 52. c6 Rd6 53.
c7 Rc6 54. Kxd2 Rc5 55. Kd3 1/2-1/2

[Event "XXX Memorial Edoardo Crespi A"]
[Site "Milano ITA"]
[Date "2009.12.06"]
[Round "3"]
[White "Stromboli, Ettore"]
[Black "Sullolari, Saip"]
[Result "1/2-1/2"]
[WhiteElo "2260"]
[BlackElo "2106"]
[PlyCount "56"]
[EventDate "2009.12.05"]

1. e4 c5 2. Nf3 d6 3. d4 cxd4 4. Nxd4 Nf6 5. f3 e6 6. c4 a6 7. Be3 Be7 8. Be2
O-O 9. O-O b6 10. Nc3 Bb7 11. Rc1 Nc6 12. a3 Rc8 13. b4 Nd7 14. Qe1 Bg5 15. f4
Nxd4 16. Bxd4 Bxf4 17. Rxf4 e5 18. Bxe5 Nxe5 19. Nd5 Bxd5 20. exd5 b5 21. cxb5
Qb6+ 22. Kh1 axb5 23. Qd2 Rxc1+ 24. Qxc1 Qb7 25. Qd2 Ra8 26. Qa2 Rc8 27. Rf1 g6
28. Qb3 Qb6 1/2-1/2

[Event "XXX Memorial Edoardo Crespi A"]
[Site "Milano ITA"]
[Date "2009.12.06"]
[Round "3"]
[White "Sumets, Andrey"]
[Black "Dvirnyy, Danyyil"]
[Result "1-0"]
[WhiteElo "2621"]
[BlackElo "2461"]
[PlyCount "53"]
[EventDate "2009.12.05"]

1. d4 Nf6 2. c4 e6 3. Nc3 Bb4 4. Qc2 O-O 5. Bg5 d5 6. e3 h6 7. Bh4 c5 8. dxc5
Nc6 9. O-O-O g5 10. Bg3 Bxc3 11. Qxc3 Ne4 12. Qa3 Qf6 13. f3 Nxg3 14. hxg3 d4
15. exd4 Nxd4 16. Ne2 Nxe2+ 17. Bxe2 e5 18. Qe3 Be6 19. Bd3 Rac8 20. Rhe1 e4
21. Qxe4 Rfd8 22. Qe5 Kg7 23. b3 Qxe5 24. Rxe5 Kf6 25. f4 Rc7 26. Be4 Rdc8 27.
Rh1 1-0

[Event "XXX Memorial Edoardo Crespi A"]
[Site "Milano ITA"]
[Date "2009.12.06"]
[Round "3"]
[White "Vinzoni, Andrea"]
[Black "Damia, Angelo"]
[Result "0-1"]
[WhiteElo "2082"]
[BlackElo "2338"]
[PlyCount "64"]
[EventDate "2009.12.05"]

1. d4 b6 2. e4 Bb7 3. Bd3 e6 4. Nf3 c5 5. c3 Nf6 6. Qe2 Be7 7. O-O c4 8. Bc2 d5
9. e5 Nfd7 10. Ne1 Nc6 11. f4 g6 12. f5 gxf5 13. Bxf5 exf5 14. Rxf5 O-O 15. Bh6
Kh8 16. Bxf8 Qxf8 17. Qf2 Ncxe5 18. Qg3 Ng6 19. Nf3 Nf6 20. Ne5 Bc8 21. Rf1 Be6
22. Nd2 Nxe5 23. Qxe5 Qg7 24. Rf3 Ne4 25. Qxg7+ Kxg7 26. Nxe4 dxe4 27. Rf4 f5
28. g3 Bg5 29. Rff1 Bd2 30. Kf2 Kg6 31. Ke2 Bg5 32. Rad1 f4 0-1